000 00223nam a2200097Ia 4500
008 240331s9999 xx 000 0 und d
082 _bCON
100 _aUyangoda , J. ed
245 0 _aConflict,conflict resolution
942 _cL
999 _c1396
_d1396